000 00926nam a2200241 a 4500
001 64286
003 BD-RjUL
005 20241201181029.0
008 170213r19941975ii ||||| |||| 00| j ben d
020 _a8185471231
_c: Tk. 40.00
035 _a(BD-RjUL)64416
040 _aBD-RjUL
_bben
_cBD-RjUL
041 _aben
082 _223
_a891.44309
_bPOB 1994
100 1 _aপোদ্দার, অরবিন্দ
_9190913
245 1 0 _aবঙ্কিম-মানস /
_cঅরবিন্দ পোদ্দার
250 _a৫ম সং.
260 _aকলকাতা :
_bপুস্তক বিপণি,
_c১৯৭৫ [মুদ্রণ ১৯৯৪]
300 _a১৩৮ পৃ. ;
_c২১ সেমি.
650 _aবাংলা ছোটগল্প
_xইতিহাস ও সমালোচনা
_9179529
650 _aBenglai Short Stories
_xHistory and Criticism
_9190914
942 _2ddc
_cBK
999 _c64286
_d64286